000 00675nam a22002177a 4500
003 UA-OsUOA
001 106189
007 ta
008 20140505b un ||||| |||| 00| 0 ukr d
100 _aБорейко В.І.
090 _a330(477)
_bБ82
942 _cSA
040 _aUA-OsUOA
_bukr
_cUA-OsUOA
_dUA-OsUOA
245 _aПричини та шляхи розв'язання сучасних економічних проблем України
300 _aС.8-11
955 _a0
041 _aukr
080 _a330(477)
773 0 _w106187
_tЕкономіка. Фінанси. Право.
_dК.
_d2014
_g4
650 7 _a330 Економіка взагалі
_2UDC
999 _c392323
_d392323